Statistics for -ine Animal Adjectives

Click here to take the quiz!

General Stats

  • This quiz has been taken 329 times
  • The average score is 11 of 20

Answer Stats

HintAnswer% Correct
CanineDog
98%
FelineCat
96%
BovineCow
93%
EquineHorse
93%
PiscineFish
83%
LeonineLion
81%
LupineWolf
78%
UrsineBear
76%
PorcinePig
75%
VulpineFox
60%
AsinineDonkey
59%
CancrineCrab
38%
CorvineCrow
37%
AquilineEagle
33%
CervineDeer
24%
LeporineRabbit/Hare
24%
HircineGoat
13%
PavoninePeacock
13%
ElapineSnake
12%
TurdineThrush
9%

Score Distribution

Percentile by Number Answered

Percent of People with Each Score

Your Score History

You have not taken this quiz